| 000 | 00384nam a22001577a 4500 | ||
|---|---|---|---|
| 003 | SGT | ||
| 020 | _a9789389129007 | ||
| 082 |
_a611 _bI22D |
||
| 100 | _aDEVI, V. SUBHADRA | ||
| 245 | _aINDERBIR SINGH'S TB. OF ANATOMY :LOWER LIMB ABDOMEN AND PELVIS VOL-2 | ||
| 250 | _a7TH | ||
| 260 |
_aINDIA _bJAYPEE PUB _c2022 |
||
| 300 | _a564 | ||
| 650 | _aHUMAN ANATOMY | ||
| 942 |
_2ddc _cBK _03 |
||
| 999 |
_c22541 _d22541 |
||